000 01225nmm a2200385 a 4500
001 ocm0001221798
003 TR-IsHL
005 20201028154750.0
008 131219s2006 tu tur
007 cr cn
020 _a9789754837032
035 _a1221798
_b(N$T)
050 0 4 _aS592.147
_b.A83 2006
090 0 4 _aS592.147
_b.A83 2006
100 1 _aAltınbaş, Ünal
245 1 0 _aToprak etüd ve haritalama
_h[electronic resource] /
_cÜnal Altınbaş
260 _aİzmir :
_bEge Üniversitesi Yayınları,
_c2006
300 _a197 p.
650 4 _aTarım ve Biyoloji
650 4 _aAgricultural and Biological Sciences
650 0 _aToprak haritalama
650 0 _aSoil mapping
650 0 _aTopraklar
_x Sınıflandırma
650 0 _aSoils
_x Classification
650 0 _aToprak bilimi
650 0 _aSoil science
650 0 _aTopraklar
650 0 _aSoils
650 0 _aToprak incelemeleri
650 0 _aSoil surveys
650 0 _aTopraklar
_x Örnekleme
650 0 _aSoils
_x Sampling
650 7 _aTECHNOLOGY & ENGINEERING / Agriculture / Agronomy / Soil Science
_2bisacsh
856 4 0 _uhttp://search.ebscohost.com/login.aspx?direct=true&scope=site&db=e011xww&AN=1221798
999 _c12743
_d12743